[Event "Open Semana Santa 2023"]
[Site "?"]
[Date "2023.04.07"]
[Round "4.18"]
[White "GM Chigaev, Maksim"]
[Black "FM Cesar Maestre, Bernardo"]
[Result "1-0"]
[WhiteElo "2617"]
[BlackElo "2317"]
[PlyCount "67"]

1. c4 e5 2. Nc3 Nf6 3. Nf3 Nc6 4. g3 Bb4 5. Bg2 O-O 6. Nd5 e4 7. Nh4 Re8 8. O-O
d6 9. d3 exd3 10. Qxd3 Nxd5 11. cxd5 Ne5 12. Qc2 Bc5 13. Bd2 a5 14. Bc3 Qg5 15.
e3 Qh5 16. Kh1 Ng6 17. Nxg6 hxg6 18. e4 Bh3 19. Rae1 Bxg2+ 20. Kxg2 f5 21. f3
fxe4 22. fxe4 b6 23. Qa4 Rad8 24. Qc4 Rd7 25. a3 Rde7 26. b4 axb4 27. axb4 b5
28. Qxb5 Bb6 29. Qc4 Kh7 30. e5 dxe5 31. Re4 g5 32. h4 Rf7 33. g4 Qg6 34. h5
1-0

[Event "Open Semana Santa 2023"]
[Site "?"]
[Date "2023.04.07"]
[Round "4.19"]
[White "WIM Kamalidenova, Meruert"]
[Black "GM Yuffa, Daniil"]
[Result "1-0"]
[WhiteElo "2342"]
[BlackElo "2602"]
[PlyCount "127"]

1. e4 c5 2. Nf3 d6 3. d4 cxd4 4. Nxd4 Nf6 5. Nc3 a6 6. h3 e5 7. Nf3 Be7 8. g4
Be6 9. g5 Nfd7 10. Be3 Nb6 11. h4 N8d7 12. Qd2 Rc8 13. h5 Bg4 14. Nh4 Nc5 15.
f3 Be6 16. Nd5 Bxd5 17. exd5 h6 18. Rg1 Bxg5 19. Bxg5 hxg5 20. Nf5 f6 21. b3
Kf7 22. Ng3 e4 23. fxe4 Qe7 24. Qd4 Rce8 25. O-O-O Qe5 26. Bh3 Qxd4 27. Rxd4 a5
28. a3 Re5 29. b4 axb4 30. axb4 Ra8 31. Kd2 Ncd7 32. Be6+ Kf8 33. Rh1 Ra3 34.
Rd3 Nc4+ 35. Ke2 Ndb6 36. h6 gxh6 37. Rxh6 Kg7 38. Rh3 g4 39. Bxg4 Rxd3 40.
Kxd3 Rg5 41. Be6 Ne5+ 42. Ke2 Ng6 43. Kf2 Nf4 44. Rh4 Nxe6 45. dxe6 Re5 46.
Nf5+ Kg8 47. Rg4+ Kh8 48. Nxd6 Rxe6 49. Nxb7 Nd7 50. c3 Rc6 51. Rg3 Ne5 52. Nc5
Rd6 53. Ke2 Rd8 54. Rg1 Ra8 55. Ke3 Ra2 56. Nd3 Nc4+ 57. Kd4 Nd2 58. Kd5 Ra3
59. Rc1 Rb3 60. Nc5 Rb2 61. Rh1+ Kg7 62. Rh2 Ra2 63. Kc6 f5 64. exf5 1-0

[Event "Open Semana Santa 2023"]
[Site "?"]
[Date "2023.04.07"]
[Round "4.20"]
[White "FM Gavarrete, Nahun"]
[Black "GM Brunello, Sabino"]
[Result "1/2-1/2"]
[WhiteElo "2303"]
[BlackElo "2510"]
[PlyCount "39"]

1. e4 c5 2. Nf3 d6 3. Bb5+ Nd7 4. a4 a6 5. Be2 Ngf6 6. Nc3 b6 7. d4 cxd4 8.
Qxd4 Bb7 9. O-O e6 10. Rd1 Be7 11. Nd2 O-O 12. Nc4 d5 13. exd5 Bc5 14. Qf4 Nxd5
15. Nxd5 Bxd5 16. Be3 Qc8 17. Bxc5 Qxc5 18. Ne3 Nf6 19. Nxd5 Nxd5 20. Qd2
1/2-1/2

[Event "Open Semana Santa 2023"]
[Site "?"]
[Date "2023.04.07"]
[Round "4.21"]
[White "IM Tiglon, Bryce"]
[Black "FM Ibanez Aullana, Ramon"]
[Result "1/2-1/2"]
[WhiteElo "2502"]
[BlackElo "2292"]
[PlyCount "120"]

1. e4 e5 2. Nf3 Nf6 3. d4 Nxe4 4. Bd3 Nc6 5. dxe5 Nc5 6. Bc4 d6 7. Be3 dxe5 8.
Qxd8+ Nxd8 9. Nxe5 Bd6 10. Nd3 Nxd3+ 11. Bxd3 Nc6 12. Nc3 Nb4 13. Bb5+ Nc6 14.
O-O-O Bd7 15. Ne4 Be7 16. Bc5 Bxc5 17. Nxc5 O-O-O 18. Nxd7 Rxd7 19. Rxd7 Kxd7
20. Rd1+ Kc8 21. Bxc6 bxc6 22. Re1 Rd8 23. Re7 Rd7 24. Rxd7 Kxd7 25. Kd2 Kd6
26. Kd3 Kd5 27. Kc3 Kc5 28. Kb3 Kb5 29. a3 a6 30. c4+ Ka5 31. Kc3 c5 32. g4 Kb6
33. Kd3 Kc6 34. Ke4 Kd6 35. Kf5 a5 36. h4 Ke7 37. Ke5 c6 38. h5 f6+ 39. Kf5 Kf7
40. Kf4 g6 41. hxg6+ hxg6 42. b3 Ke6 43. f3 Kd6 44. Ke4 Ke6 45. Kf4 Kd6 46. Ke4
Ke6 47. Ke3 Kd6 48. f4 Ke6 49. Ke4 Kd6 50. Kd3 Ke6 51. Ke3 Kd6 52. Ke2 Ke6 53.
Kf3 Kd6 54. Kf2 Ke6 55. Ke2 Kd6 56. Kd2 Ke6 57. Kd3 Kd6 58. Kd2 Ke6 59. Ke3 Kd6
60. Ke4 Ke6 1/2-1/2

[Event "Open Semana Santa 2023"]
[Site "?"]
[Date "2023.04.07"]
[Round "4.22"]
[White "Liu, Zhaoqi"]
[Black "GM Arizmendi Martinez, Julen Luis"]
[Result "1/2-1/2"]
[WhiteElo "2301"]
[BlackElo "2494"]
[PlyCount "23"]

1. c4 c5 2. Nc3 Nc6 3. g3 g6 4. Bg2 Bg7 5. a3 d6 6. Rb1 a5 7. d3 Nf6 8. e4 Bg4
9. f3 Bd7 10. Nge2 O-O 11. Be3 Ne8 12. O-O 1/2-1/2

[Event "Open Semana Santa 2023"]
[Site "?"]
[Date "2023.04.07"]
[Round "4.23"]
[White "IM Chen, Qi B"]
[Black "FM Garrido Diaz, Jose Antonio"]
[Result "1/2-1/2"]
[WhiteElo "2493"]
[BlackElo "2302"]
[PlyCount "131"]

1. g3 d5 2. Nf3 Nf6 3. Bg2 e6 4. d3 Be7 5. O-O c5 6. e4 Nc6 7. Bf4 dxe4 8. dxe4
Nxe4 9. Ne5 Nxe5 10. Bxe5 f6 11. Bxe4 Qxd1 12. Rxd1 fxe5 13. Na3 Rb8 14. Nb5
O-O 15. Nxa7 c4 16. Nb5 Bc5 17. Rd2 b6 18. Re1 Ba6 19. Bc6 Rbd8 20. Rxd8 Rxd8
21. Re2 Kf7 22. a4 Rc8 23. Bd7 Rd8 24. Bxe6+ Kxe6 25. Nc7+ Kf5 26. Nxa6 Ra8 27.
Nxc5 bxc5 28. b3 cxb3 29. cxb3 c4 30. bxc4 Rxa4 31. Rc2 Ke4 32. Rc1 Ra6 33. Rd1
g6 34. Rd7 h5 35. c5 Kf5 36. Rc7 Ra1+ 37. Kg2 e4 38. Rc8 Rc1 39. c6 Kf6 40. c7
Kg7 41. h4 Kh7 42. g4 hxg4 43. Kg3 Rc4 44. Kf4 Kg7 45. Re8 Rxc7 46. Rxe4 Rf7+
47. Kg3 Rf3+ 48. Kg2 Kf6 49. Rxg4 Ra3 50. Rb4 Kf5 51. f3 Ra1 52. Rb5+ Kf4 53.
Rb4+ Kf5 54. Rb8 Kf6 55. Rb5 Ra2+ 56. Kg3 Ra4 57. Rc5 Rb4 58. h5 gxh5 59. Rxh5
Kg6 60. Ra5 Kf6 61. f4 Rb1 62. Ra6+ Kf5 63. Ra5+ Kf6 64. Ra6+ Kf5 65. Ra5+ Kf6
66. Ra6+ 1/2-1/2

[Event "Open Semana Santa 2023"]
[Site "?"]
[Date "2023.04.07"]
[Round "4.24"]
[White "IM Garcia Martin, Marta"]
[Black "IM Kosakowski, Jakub"]
[Result "0-1"]
[WhiteElo "2291"]
[BlackElo "2479"]
[PlyCount "62"]

1. e4 c6 2. d4 d5 3. e5 Bf5 4. Nf3 e6 5. Be2 Nd7 6. O-O a5 7. a4 f6 8. c4 fxe5
9. dxe5 Bc5 10. cxd5 cxd5 11. Nc3 Ne7 12. Nb5 O-O 13. Bg5 Qb6 14. Bh4 Be4 15.
Nd2 Bg6 16. Nc4 dxc4 17. Bxe7 Rxf2 18. Rxf2 Bxf2+ 19. Kh1 Nxe5 20. b3 c3 21.
Qd6 Qxd6 22. Bxd6 Nf7 23. Bf4 c2 24. Rf1 Bb6 25. Nc7 Bxc7 26. Bxc7 Rc8 27. Bf4
Ne5 28. Rc1 Nd3 29. Bxd3 Bxd3 30. Bd2 Rd8 31. Kg1 Be4 0-1

[Event "Open Semana Santa 2023"]
[Site "?"]
[Date "2023.04.07"]
[Round "4.25"]
[White "IM Garriga Cazorla, Pere"]
[Black "IM Cruz, Filemon"]
[Result "1/2-1/2"]
[WhiteElo "2476"]
[BlackElo "2284"]
[PlyCount "91"]

1. d4 Nf6 2. c4 e6 3. Nf3 a6 4. Bg5 c5 5. d5 exd5 6. cxd5 d6 7. a4 Be7 8. Nc3
O-O 9. h3 Re8 10. Bf4 Bf8 11. e3 Qb6 12. Ra3 Qb4 13. Be2 Ne4 14. Qc1 Nd7 15.
O-O Ndf6 16. a5 Nxc3 17. bxc3 Qe4 18. c4 Qe7 19. Bd3 Qc7 20. Qb2 Nd7 21. Bf5
Rb8 22. Bxd7 Bxd7 23. Rb1 Bf5 24. Qb6 Qd7 25. Rc1 h6 26. Nd2 g5 27. Bg3 Bg6 28.
h4 Rbc8 29. Nf3 f6 30. Qb2 Qe7 31. Rb3 Rc7 32. Rb6 Rd7 33. Rc3 f5 34. Rcb3 Bg7
35. Qc1 Bh5 36. hxg5 hxg5 37. Qb1 Qf6 38. Rxb7 Rxb7 39. Rxb7 Bxf3 40. gxf3 f4
41. Rb8 Rxb8 42. Qxb8+ Kh7 43. Qb1+ Kg8 44. Qb8+ Kh7 45. Qb1+ Kg8 46. Qb8+
1/2-1/2

[Event "Open Semana Santa 2023"]
[Site "?"]
[Date "2023.04.07"]
[Round "4.26"]
[White "FM Cappelletto, Joshuaede"]
[Black "IM Pijpers, Arthur"]
[Result "1/2-1/2"]
[WhiteElo "2266"]
[BlackElo "2474"]
[Annotator "Usuario"]
[PlyCount "139"]

1. e4 Nf6 2. e5 Nd5 3. d4 d6 4. Nf3 g6 5. Bc4 Nb6 6. Bb3 Bg7 7. Ng5 e6 8. Qf3
Qe7 9. Ne4 h6 10. Bf4 Nc6 11. exd6 Nxd4 12. Qd3 Qd7 13. dxc7 $11 e5 14. Be3
Nxb3 15. Nd6+ Ke7 16. axb3 Qxd6 17. Qxd6+ Kxd6 18. Bxb6 Bf5 19. Rxa7 Rxa7 20.
Bxa7 Kxc7 21. Na3 b6 22. Nc4 b5 23. Na3 b4 24. Nc4 Bxc2 25. Ke2 Bxb3 26. Rc1
Kd7 27. Bc5 Rb8 28. Ba7 Rd8 29. Bc5 Rb8 30. Ba7 Re8 31. Bc5 Ke6 32. Nd2 Bd5 33.
Bxb4 Rb8 34. Ba3 Bxg2 35. f3 Bh3 36. Rc6+ Kd7 37. Rc5 Be6 38. Ra5 Kc6 39. Ne4
Rb5 40. Ra6+ Rb6 41. Ra8 h5 42. Nc5 Bc4+ 43. Kf2 Kb5 44. Re8 Bd5 45. Rc8 Rc6
46. Rb8+ Rb6 47. Rc8 Bc6 48. Rc7 Bf8 49. Nd3 Bxa3 50. bxa3 f6 51. Nb4 g5 52.
Ke3 Be8 53. Nd5 Rd6 54. Nc3+ Kb6 55. Rg7 Rc6 56. Ne4 Re6 57. h3 Kb5 58. Rg8 Bd7
59. Rb8+ Kc4 60. Nd2+ Kd5 61. Rd8 Kd6 62. Ne4+ Ke7 63. Rh8 Be8 64. Rh7+ Bf7 65.
Rh6 Ra6 66. a4 Rxa4 67. Nxf6 Rh4 68. Ne4 Rxh3 69. Nxg5 Rg3 70. Nxf7 1/2-1/2

[Event "Open Semana Santa 2023"]
[Site "?"]
[Date "2023.04.07"]
[Round "4.27"]
[White "IM Plazuelo Pascual, Juan"]
[Black "FM Villuendas Valero, Adrian"]
[Result "1-0"]
[WhiteElo "2449"]
[BlackElo "2262"]
[PlyCount "67"]

1. e4 e6 2. d4 d5 3. Nc3 Bb4 4. e5 Ne7 5. a3 Bxc3+ 6. bxc3 b6 7. Qg4 Kf8 8. h4
Ba6 9. h5 h6 10. Bd3 c5 11. dxc5 bxc5 12. Nf3 Qa5 13. Bd2 Bxd3 14. cxd3 Nbc6
15. O-O Kg8 16. Rfc1 Qc7 17. Re1 Kh7 18. Qf4 Raf8 19. c4 Qd7 20. Be3 f6 21.
Bxc5 fxe5 22. Qg3 Rf5 23. Nxe5 Nxe5 24. Rxe5 Rxe5 25. Qxe5 Nc6 26. Qe3 Qf7 27.
Re1 dxc4 28. Qe4+ Qf5 29. Qxc6 cxd3 30. Be3 Rd8 31. Rd1 Rd5 32. Qc4 Qxh5 33.
Rxd3 Rb5 34. Qe4+ 1-0

[Event "Open Semana Santa 2023"]
[Site "?"]
[Date "2023.04.07"]
[Round "4.28"]
[White "GM Moskalenko, Viktor"]
[Black "CM Ilinca Ilinca, Felix Antonio"]
[Result "1-0"]
[WhiteElo "2443"]
[BlackElo "2266"]
[PlyCount "93"]

1. d4 d5 2. c4 e6 3. Nc3 Bb4 4. a3 Bxc3+ 5. bxc3 Nf6 6. cxd5 exd5 7. e3 Bf5 8.
Ne2 O-O 9. f3 Re8 10. Ng3 Bg6 11. Bd3 Bxd3 12. Qxd3 c5 13. O-O Nc6 14. Bb2 h5
15. Rae1 c4 16. Qc2 h4 17. Nf5 Nh5 18. Bc1 g6 19. Nh6+ Kg7 20. e4 Qd7 21. Qf2
h3 22. g4 Nf6 23. Qh4 Rh8 24. Qg5 Ne7 25. Nf5+ Nxf5 26. exf5 Ng8 27. Bf4 Rh6
28. f6+ Kh8 29. Qe5 Rh7 30. g5 Rc8 31. Re2 Rh5 32. Bd2 Qb5 33. Qg3 Qb2 34. Qg4
Rd8 35. f4 Qc2 36. Rf3 Re8 37. Rxe8 Qxd2 38. Rfe3 Qc1+ 39. Kf2 Qc2+ 40. Qe2 Qf5
41. Kg3 Kh7 42. R8e5 Qb1 43. Qe1 Qc2 44. Qf2 Qd1 45. Re1 Qd3+ 46. Qf3 Qd2 47.
R5e2 1-0

[Event "Open Semana Santa 2023"]
[Site "?"]
[Date "2023.04.07"]
[Round "4.29"]
[White "FM Garcia Molina, Jose"]
[Black "GM Ubilava, Elizbar"]
[Result "0-1"]
[WhiteElo "2251"]
[BlackElo "2435"]
[Annotator "Usuario"]
[PlyCount "118"]

1. d4 Nf6 2. c4 e6 3. Nc3 Bb4 4. Qc2 d6 5. Nf3 Nbd7 6. Bd2 c5 7. a3 Bxc3 8.
Bxc3 b6 9. dxc5 Nxc5 10. Nd2 Bd7 11. b3 O-O 12. e4 d5 13. e5 Nfe4 14. Be2 Qg5
15. O-O Nxc3 16. Qxc3 d4 17. Qxd4 Bc6 18. Nf3 Bxf3 19. Bxf3 Rad8 20. Qb2 Rd2
21. Qb1 Rfd8 22. b4 Nd3 23. Be4 Rb2 24. Qd1 Nxe5 25. Qc1 Qxc1 26. Raxc1 f5 27.
Bb7 Kf7 28. f4 Rd7 29. Ba8 Nd3 30. Rc3 Ke7 31. h3 Rd2 32. Rf3 Kd8 33. Bc6 Rd4
34. g3 Nb2 35. Bb5 Rd1+ 36. Kg2 Nd3 37. Re3 Rd2+ 38. Kg1 $11 Nf2 39. c5 Ne4 40.
cxb6 axb6 41. Rcd3 Kc7 42. Kf1 Kd6 43. Ke1 R4xd3 44. Bxd3 Ra2 45. Bc4 Rc2 46.
Rd3+ Ke7 47. Bb3 Rg2 48. a4 Nxg3 49. a5 bxa5 50. bxa5 Ne4 51. a6 Rg1+ 52. Ke2
Ra1 53. Rd4 Rxa6 54. Rb4 Kf6 55. Bc4 Rd6 56. Rb7 h6 57. h4 g5 58. fxg5+ hxg5
59. h5 Ng3+ 0-1

[Event "Open Semana Santa 2023"]
[Site "?"]
[Date "2023.04.07"]
[Round "4.30"]
[White "FM Bettalli, Francesco"]
[Black "Chen, Peng"]
[Result "1-0"]
[WhiteElo "2200"]
[BlackElo "2425"]
[PlyCount "121"]

1. e4 c6 2. d4 d5 3. exd5 cxd5 4. Bd3 Nc6 5. c3 Nf6 6. Bf4 Bg4 7. Qb3 Qd7 8.
Nd2 e6 9. Ngf3 Bxf3 10. Nxf3 Bd6 11. Bxd6 Qxd6 12. O-O Rb8 13. Rae1 O-O 14. Ne5
b5 15. a3 a5 16. Re3 b4 17. axb4 axb4 18. Qd1 bxc3 19. bxc3 Rfc8 20. f4 Rb2 21.
Rh3 g6 22. Qe1 Kg7 23. Qh4 h5 24. Rg3 Ne7 25. Qg5 Ne4 26. Bxe4 dxe4 27. Qh6+
Kxh6 28. Nxf7+ Kg7 29. Nxd6 Ra8 30. Nxe4 Raa2 31. Nf2 Re2 32. Nd3 Nf5 33. Rg5
Ne3 34. Re1 Rxe1+ 35. Nxe1 Ra1 36. Re5 Nd5 37. g3 Nxc3 38. Rxe6 Rd1 39. Kf2
Rd2+ 40. Kf1 Rxd4 41. Nf3 Rd1+ 42. Kg2 Nb5 43. Ne5 Rd2+ 44. Kh3 Rd6 45. Re7+
Kf8 46. Rb7 Nd4 47. Kh4 Nf5+ 48. Kg5 Ne7 49. Kh6 Nf5+ 50. Kh7 Ke8 51. Nxg6 Rd2
52. Rb8+ Kf7 53. Ne5+ Ke6 54. Kg6 Ne7+ 55. Kxh5 Rxh2+ 56. Kg5 Rg2 57. g4 Nd5
58. Re8+ Kd6 59. Nc4+ Kc5 60. Ne3 Rxg4+ 61. Nxg4 1-0

[Event "Open Semana Santa 2023"]
[Site "?"]
[Date "2023.04.07"]
[Round "4.31"]
[White "Ribera Cebolla, Marc"]
[Black "IM Ladron De Guevara Pinto, Paolo"]
[Result "0-1"]
[WhiteElo "2153"]
[BlackElo "2403"]
[PlyCount "53"]

1. e4 e5 2. Nf3 Nc6 3. Bb5 a6 4. Ba4 d6 5. c3 Bd7 6. d4 g6 7. Bg5 f6 8. Be3 Nh6
9. h3 Nf7 10. Bb3 Qe7 11. O-O g5 12. dxe5 dxe5 13. Qd5 Nfd8 14. a4 Ne6 15. Ba2
Rd8 16. b4 Bc8 17. Qc4 Qg7 18. Na3 Bd6 19. Qe2 O-O 20. Nh2 Kh8 21. Qh5 Qg6 22.
Qxg6 hxg6 23. Nf3 Nf4 24. Nc4 Ne2+ 25. Kh2 Nxc3 26. b5 axb5 27. axb5 0-1

[Event "Open Semana Santa 2023"]
[Site "?"]
[Date "2023.04.07"]
[Round "4.32"]
[White "GM Cifuentes Parada, Roberto"]
[Black "WFM Prado Acebo, Ines"]
[Result "1-0"]
[WhiteElo "2396"]
[BlackElo "2226"]
[PlyCount "117"]
[EventDate "2023.??.??"]

1. d4 Nf6 2. Nf3 d5 3. e3 e6 4. c4 a6 5. Bd3 dxc4 6. Bxc4 b5 7. Bd3 Bb7 8. O-O
Nbd7 9. a4 bxa4 10. Nc3 c5 11. Nxa4 cxd4 12. exd4 Bd6 13. Bg5 Qb8 14. Re1 O-O
15. h3 Bd5 16. Nc3 Qxb2 17. Nxd5 Nxd5 18. Bxa6 Ra7 19. Bd3 Rxa1 20. Qxa1 Qxa1
21. Rxa1 h6 22. Ra7 N7b6 23. Bd2 Ra8 24. Rxa8+ Nxa8 25. Ne5 Bb8 26. Kf1 Ba7 27.
Nc6 Bb6 28. Ke2 Nac7 29. Bc2 Nb5 30. Kd3 Na7 31. Ne5 Nb5 32. Nf3 Bc7 33. g3 Bd6
34. Ba4 Nbc7 35. Ne5 Nb6 36. Bc6 Nbd5 37. Kc4 Ne7 38. Bd7 Kf8 39. Ba5 Ncd5 40.
Bb5 Bc7 41. Bd2 Nf5 42. Kd3 Bd6 43. Nd7+ Ke7 44. Nc5 Nc7 45. Ba4 Nd5 46. Bc6
Nc7 47. Be4 Kf6 48. Nd7+ Ke7 49. Nb6 Kf6 50. Nc8 Bf8 51. Bf4 Nd5 52. Be5+ Kg5
53. f3 f6 54. h4+ Kg6 55. Bd6 Bxd6 56. Nxd6 Nb4+ 57. Kc4 Kh5 58. g4+ Kxh4 59.
gxf5 1-0

[Event "Open Semana Santa 2023"]
[Site "?"]
[Date "2023.04.07"]
[Round "4.33"]
[White "IM Martin Duque, Jesus"]
[Black "FM Martin Barcelo, Carles"]
[Result "1-0"]
[WhiteElo "2386"]
[BlackElo "2222"]
[PlyCount "63"]

1. Nf3 Nf6 2. c4 g6 3. b3 Bg7 4. Bb2 O-O 5. g3 d6 6. Bg2 e5 7. d3 Nc6 8. O-O
Nh5 9. Nc3 f5 10. e3 h6 11. Nd2 Be6 12. Nd5 Qd7 13. b4 Nd8 14. f4 c6 15. Nc3
Bf7 16. Nb3 Re8 17. Qf3 Nf6 18. Rad1 e4 19. Qe2 exd3 20. Qxd3 Qe6 21. Rfe1 Ne4
22. Nxe4 fxe4 23. Qd2 Qxc4 24. Bxg7 Kxg7 25. Qxd6 Qe6 26. Qd2 Qf6 27. Nc5 Bd5
28. Nd7 Qf5 29. Qc3+ Kf7 30. Bh3 Qxh3 31. Qf6+ Kg8 32. Qxg6+ 1-0

[Event "Open Semana Santa 2023"]
[Site "?"]
[Date "2023.04.07"]
[Round "4.34"]
[White "IM Garrido Outon, Alex"]
[Black "FM Garcia Gimenez, Santiago"]
[Result "1-0"]
[WhiteElo "2379"]
[BlackElo "2210"]
[PlyCount "79"]

1. e4 e5 2. Nf3 Nc6 3. Bb5 a6 4. Ba4 Nf6 5. O-O Be7 6. Re1 b5 7. Bb3 d6 8. c3
O-O 9. h3 Na5 10. Bc2 c5 11. d4 Nd7 12. Nbd2 exd4 13. cxd4 Nc6 14. d5 Nce5 15.
a4 Rb8 16. Nxe5 Nxe5 17. f4 Ng6 18. Nf3 Bh4 19. Rf1 Bg3 20. f5 Ne5 21. Ng5 h6
22. f6 g6 23. Nf3 Qxf6 24. Nxe5 Qxe5 25. Ra3 Bh4 26. Bf4 Qe7 27. Bxh6 Re8 28.
Raf3 Rb7 29. axb5 axb5 30. Qd2 Qe5 31. Bf4 Qxb2 32. Bxd6 b4 33. Bxc5 b3 34. Bd4
Bg5 35. Bxb2 Bxd2 36. Bb1 g5 37. Rg3 Rb4 38. Rf2 Be1 39. Rxg5+ Kf8 40. Ba3 1-0

[Event "Open Semana Santa 2023"]
[Site "?"]
[Date "2023.04.07"]
[Round "4.35"]
[White "Serrano Almendros, Alejandro"]
[Black "FM Davtyan, David Arm."]
[Result "0-1"]
[WhiteElo "2151"]
[BlackElo "2374"]
[PlyCount "62"]

1. d4 d5 2. c4 e6 3. Nc3 c6 4. Nf3 Nf6 5. cxd5 exd5 6. Bg5 Be7 7. Qc2 Be6 8. e3
Nbd7 9. Bd3 h6 10. Bh4 O-O 11. O-O Rc8 12. Rac1 Re8 13. Qb1 a6 14. b4 b5 15. a4
Nb6 16. Nd2 Nc4 17. Bxc4 bxc4 18. b5 Ba3 19. b6 a5 20. b7 Rb8 21. Bg3 Bxc1 22.
Rxc1 Re7 23. Bxb8 Qxb8 24. Qb6 Rxb7 25. Qxc6 Rb2 26. Rb1 Rxb1+ 27. Ncxb1 Qb2
28. Qb5 Qc1+ 29. Nf1 Bf5 30. Nbd2 c3 31. Nb3 Qd1 0-1

[Event "Open Semana Santa 2023"]
[Site "?"]
[Date "2023.04.07"]
[Round "4.36"]
[White "GM Plaskett, H James"]
[Black "Hercegovac, Neven"]
[Result "1-0"]
[WhiteElo "2371"]
[BlackElo "2153"]
[PlyCount "109"]

1. d4 Nf6 2. Bg5 Ne4 3. Bf4 Nc6 4. Nf3 d5 5. e3 g6 6. c3 e6 7. Bd3 g5 8. Bxe4
gxf4 9. Bd3 fxe3 10. fxe3 Bh6 11. Qe2 e5 12. e4 exd4 13. exd5+ Ne7 14. Nxd4
Qxd5 15. O-O Be6 16. Nd2 Bxd2 17. Qxd2 O-O-O 18. Qe2 Rhg8 19. Nxe6 fxe6 20. Be4
Qc5+ 21. Kh1 Nf5 22. Rae1 Rg5 23. Qf2 Qxf2 24. Rxf2 c6 25. Bc2 Rd6 26. Kg1 Kd7
27. Kf1 h6 28. Re4 a5 29. Ke1 b6 30. g4 Ne7 31. h4 Rg7 32. Rf8 Nd5 33. Bd1 Kc7
34. Re5 Kd7 35. Bf3 Ke7 36. Rh8 Nf4 37. Re3 Nd3+ 38. Kf1 Nxb2 39. Rxh6 Nc4 40.
Re2 Nd2+ 41. Kg2 Rf7 42. Rf2 Nxf3 43. Rxf3 Rd2+ 44. Kg3 Rxf3+ 45. Kxf3 Rxa2 46.
g5 Rc2 47. Rh7+ Kf8 48. g6 a4 49. h5 Rxc3+ 50. Kf4 Rc1 51. h6 Rg1 52. Rh8+ Ke7
53. g7 a3 54. g8=Q Rxg8 55. Rxg8 1-0

[Event "Open Semana Santa 2023"]
[Site "?"]
[Date "2023.04.07"]
[Round "4.37"]
[White "IM Quintin Navarro, Alberto"]
[Black "Hernandez Leon, Sergio"]
[Result "1/2-1/2"]
[WhiteElo "2370"]
[BlackElo "2151"]
[PlyCount "85"]

1. d4 Nf6 2. Nf3 e6 3. c4 d5 4. g3 dxc4 5. Bg2 Bb4+ 6. Bd2 a5 7. Qc2 Bxd2+ 8.
Nbxd2 b5 9. a4 c6 10. b3 cxb3 11. Nxb3 O-O 12. Ne5 Nd5 13. O-O Ba6 14. Nc5 b4
15. Rfe1 Qe7 16. Be4 g6 17. h4 f6 18. Ned3 Nd7 19. Nxd7 Qxd7 20. Nc5 Qf7 21.
Kg2 e5 22. dxe5 fxe5 23. Bf3 Bc8 24. Rf1 Nc3 25. Bxc6 Bf5 26. e4 Rac8 27. exf5
Rxc6 28. Nb3 gxf5 29. Kh2 Qd5 30. Rac1 e4 31. Rfd1 Nxd1 32. Qxc6 Qxb3 33. Rc4
Qb2 34. Qd5+ Rf7 35. Rc8+ Kg7 36. Qd8 Qxf2+ 37. Kh1 Qe1+ 38. Kh2 Qe2+ 39. Kg1
Qe3+ 40. Kg2 Qf2+ 41. Kh1 Qf1+ 42. Kh2 Qf2+ 43. Kh1 1/2-1/2

[Event "Open Semana Santa 2023"]
[Site "?"]
[Date "2023.04.07"]
[Round "4.38"]
[White "FM Habans Aguerrea, Javier"]
[Black "Martinez Soriano, Javier"]
[Result "1-0"]
[WhiteElo "2343"]
[BlackElo "2006"]
[PlyCount "79"]
[EventDate "2023.??.??"]

1. d4 Nf6 2. Bg5 d5 3. e3 c5 4. Nd2 Qb6 5. Ngf3 Nc6 6. dxc5 Qxb2 7. c4 dxc4 8.
Bxc4 h6 9. Bh4 g5 10. Bg3 Bg7 11. Rb1 Qa3 12. Bc7 Nd7 13. Rb3 Qa4 14. Qc2 Nb4
15. Bxf7+ Kxf7 16. Qc4+ e6 17. Rxb4 Qc6 18. Bg3 Qxc5 19. O-O Qxc4 20. Nxc4 b6
21. Nd6+ Ke7 22. Rc1 Nc5 23. h4 Bd7 24. Rd1 Ba4 25. Rc1 Bd7 26. Rcb1 Bf6 27.
hxg5 hxg5 28. Nc4 Rad8 29. Bd6+ Ke8 30. Be5 Ke7 31. Bd6+ Ke8 32. Nce5 Rg8 33.
Rd1 Bc6 34. Ng4 Be7 35. Bxe7 Kxe7 36. Nfe5 Bd5 37. f3 Bxa2 38. Ra1 Bd5 39.
Rxa7+ Kd6 40. Nf7+ 1-0

[Event "Open Semana Santa 2023"]
[Site "?"]
[Date "2023.04.07"]
[Round "4.39"]
[White "GM Cuenca Jimenez, Jose Fernando"]
[Black "Hammari, Vinjar"]
[Result "1-0"]
[WhiteElo "2553"]
[BlackElo "1989"]
[PlyCount "67"]

1. d4 d5 2. c4 e6 3. Nf3 c6 4. e3 f5 5. Be2 Nf6 6. O-O Bd6 7. b3 Qe7 8. a4 O-O
9. Ba3 Nbd7 10. Bxd6 Qxd6 11. Nc3 Ne4 12. Qc2 Ndf6 13. Ne5 Bd7 14. Na2 Be8 15.
c5 Qc7 16. Nc1 b6 17. Ncd3 bxc5 18. Nxc5 Nxc5 19. Qxc5 Ne4 20. Qc2 Qd6 21. f3
Nf6 22. Rfc1 Rc8 23. Qc5 Qb8 24. Qe7 Bf7 25. Qa3 Qb7 26. Rc3 a5 27. Rac1 Be8
28. Bb5 c5 29. Rxc5 Bxb5 30. Rxb5 Rxc1+ 31. Qxc1 Rc8 32. Qd2 Qc7 33. Rc5 Qb8
34. Qxa5 1-0

[Event "Open Semana Santa 2023"]
[Site "?"]
[Date "2023.04.07"]
[Round "4.40"]
[White "Prodhomme, Boris"]
[Black "GM Dvirnyy, Danyyil"]
[Result "0-1"]
[WhiteElo "2076"]
[BlackElo "2541"]
[PlyCount "100"]
[EventDate "2023.??.??"]

1. d4 Nf6 2. c4 e6 3. Nc3 Bb4 4. e3 O-O 5. Nge2 c6 6. a3 Ba5 7. Ng3 d5 8. cxd5
exd5 9. Bd3 Re8 10. O-O Bc7 11. f3 Nbd7 12. Qc2 c5 13. Nb5 Bb6 14. dxc5 Nxc5
15. Nd4 Bd7 16. b4 Ba4 17. Qc3 Ncd7 18. Bb2 Rc8 19. Qd2 Ne5 20. Rac1 Nc4 21.
Bxc4 dxc4 22. Nge2 Nd5 23. Rc3 Qg5 24. Bc1 Rcd8 25. Kh1 a5 26. b5 Nxc3 27. Qxc3
Bxb5 28. e4 Qe5 29. Bb2 Ba6 30. Nf5 Qxc3 31. Bxc3 f6 32. g4 Rd3 33. g5 fxg5 34.
Bxg7 Red8 35. Bc3 Rd1 36. Rxd1 Rxd1+ 37. Kg2 Bb5 38. Ne7+ Kf7 39. Nd5 Bd8 40.
Ne3 Rd3 41. Ng4 Bc7 42. Nh6+ Kg6 43. Nf5 Bd7 44. Ne7+ Kf7 45. Nd5 Bd8 46. f4
Bg4 47. Nd4 gxf4 48. Nb5 Bh3+ 49. Kg1 Rf3 50. Nd6+ Ke6 0-1

[Event "Open Semana Santa 2023"]
[Site "?"]
[Date "2023.04.07"]
[Round "4.41"]
[White "GM Hovhannisyan, Mher"]
[Black "WFM Guillo Longares, Cecilia"]
[Result "1-0"]
[WhiteElo "2418"]
[BlackElo "2078"]
[PlyCount "43"]

1. Nf3 g6 2. d4 Nf6 3. g3 c5 4. c3 Bg7 5. Bg2 cxd4 6. cxd4 d5 7. O-O Nc6 8. Nc3
O-O 9. Ne5 Bf5 10. Nxc6 bxc6 11. Na4 Ne4 12. Be3 Nd6 13. Rc1 Nc4 14. Bf4 f6 15.
b3 Na5 16. Qd2 Rc8 17. Qb4 c5 18. Rxc5 Rxc5 19. Qxc5 Be6 20. Bc7 Nb7 21. Bxd8
Nxc5 22. Nxc5 1-0

[Event "Open Semana Santa 2023"]
[Site "?"]
[Date "2023.04.07"]
[Round "4.42"]
[White "IM Lopez Mulet, Inigo"]
[Black "WFM Abrisqueta Zudaire, Leyre"]
[Result "1-0"]
[WhiteElo "2403"]
[BlackElo "2077"]
[PlyCount "67"]

1. d4 d5 2. c4 c6 3. cxd5 cxd5 4. Bg5 Nd7 5. Nc3 Ngf6 6. Qa4 e6 7. Bxf6 gxf6 8.
Nf3 f5 9. e3 Bd6 10. Bd3 O-O 11. h3 a6 12. Qc2 b5 13. g4 Qa5 14. Kf1 Bb7 15.
gxf5 e5 16. dxe5 Bxe5 17. Nxe5 Nxe5 18. f6 Ng6 19. Rg1 Qc7 20. h4 b4 21. h5
bxc3 22. hxg6 fxg6 23. Bxg6 Rxf6 24. Bxh7+ Kh8 25. Rh1 Raf8 26. Ke1 Kg7 27. f4
Rc6 28. Qg2+ Kf7 29. Bg6+ Rxg6 30. Rh7+ Kf6 31. Qxg6+ Kxg6 32. Rxc7 Rh8 33. Ke2
cxb2 34. Rg1+ 1-0

[Event "Open Semana Santa 2023"]
[Site "?"]
[Date "2023.04.07"]
[Round "4.43"]
[White "Pham Guerrero, Sergi"]
[Black "IM Camacho Collados, Jose"]
[Result "0-1"]
[WhiteElo "2069"]
[BlackElo "2400"]
[PlyCount "46"]

1. e4 e5 2. f4 d5 3. exd5 c6 4. Ne2 e4 5. d3 exd3 6. Qxd3 Nf6 7. Nbc3 cxd5 8.
Be3 Nc6 9. a3 Be7 10. O-O-O O-O 11. h3 Re8 12. g4 Bxa3 13. g5 Nb4 14. Qd2 Bf5
15. Nd4 Rc8 16. gxf6 Rxc3 17. Nxf5 Rxc2+ 18. Qxc2 Nxc2 19. bxa3 Nxe3 20. Ne7+
Kf8 21. Re1 Qc7+ 22. Kd2 Qa5+ 23. Ke2 gxf6 0-1